000 00214nam a22000857a 4500
008 170526b xxu||||| |||| 00| 0 eng d
100 _93118
_aChaube.S.K.
245 _aIndian Constitution
260 _aNew Delhi
_bNBIT
_c2009
999 _c6405
_d6405